[Event "London Classic U1825 op 10th"]
[Site "London"]
[Date "2018.12.14"]
[Round "1"]
[White "Pradhan, Abhishek"]
[Black "Beckmann, Joshua"]
[Result "1-0"]
[WhiteElo "1637"]
[BlackElo "1300"]
[PlyCount "67"]
[EventDate "2018.12.14"]
[EventType "swiss"]
[EventRounds "5"]
[EventCountry "ENG"]
[SourceTitle "CBM 187 Extra"]
[Source "ChessBase"]
[SourceDate "2018.11.04"]
[SourceVersion "1"]
[SourceVersionDate "2018.11.04"]
[SourceQuality "1"]

1. d4 e6 2. c4 d5 3. Nc3 Bb4 4. Nf3 Nc6 5. cxd5 exd5 6. a3 Bxc3+ 7. bxc3 Nf6 8. Bg5 Qd6 9. Nd2 0-0 10. e3 Bd7 11. Bd3 h6 12. Bh4 a6 13. Qb3 b5 14. Bg3 Qe6 15. 0-0 Na5 16. Qb4 Nc4 17. Bxc4 a5 18. Bxd5 Nxd5 19. Qb2 Bc6 20. e4 Nf6 21. d5 Nxd5 22. exd5 Qxd5 23. f3 Rfe8 24. Rfe1 g5 25. Ne4 Re6 26. Bf2 f5 27. Rad1 Qc4 28. Rd4 Qxd4 29. Bxd4 fxe4 30. fxe4 Bxe4 31. Qb3 Rae8 32. Rxe4 a4 33. Qxe6+ Rxe6 34. Rxe6 1-0